000
00475nam a2200133Ia 4500
008
100328s9999 xx 000 0 und d
082
_b
11923
100
_a
भावे पु.भा.
245
_a
प्रथम पुरुषी एकवचनी (खंड-1)
260
_b
हंस
630
_a
प्रथम पुरुषी एकवचनी (खंड-1)
730
_a
प्रथम पुरुषी एकवचनी (खंड-1)
942
_c
BOOK
999
_c
507227
_d
507224